000 01235nam a2200337 c 4500
003 BLK
005 20220711092755.0
008 180412b bul|||||r ||||||| ||bul||
010 _aKNG00014923000
040 _aBLK
041 _aBUL
_cBUL
080 _aАмериканска литература (на САЩ)
_b821.111(73)
_x-312.9
_z821.111(73)-312.9
100 1 _aРезник, Майк
_eпърви автор
_9243630
700 1 _aРашков, Росен
_eпрев.
_9364437
139 _aРезник, Майк
_bР 46
245 1 0 _aСантяго
_bРоман
_cМайк Резник; прев. Росен Рашков.
257 _aUSA
260 София
_bБард
_c1996
300 _a320 с.
_c20 см
380 _aX
490 1 _aИзбрана световна фантастика
490 1 _3Подсерия
_aФантастика
_v29
500 _aОриг. загл. Santiago : A myth of the far future / Mike Resnick. - 6 000 тир.
653 _aфантастика
653 _aромани
852 _aЦб 223629
856 4 _qpdf
_u
856 4 _qpdf
_u
942 _cKNG
_n0
_02
944 _aCR
_c15.01.2003
_lф /
_kЦветанка_Енчева
944 _aED
_c02.12.2016
_lф /
_kЛюдмила_Стоянова
999 _c13287
_d13287